Online
Catalog

La herencia : (Record no. 6335)

MARC details
000 -CABECERA
campo de control de longitud fija 00950cam a2200253 a 4500
001 - NÚMERO DE CONTROL
campo de control 000006544
005 - FECHA Y HORA DE LA ÚLTIMA TRANSACCIÓN
campo de control 20200929153941.0
008 - DATOS DE LONGITUD FIJA--INFORMACIÓN GENERAL
campo de control de longitud fija 990618s1999 mx ac 001 0 spa
020 ## - NÚMERO INTERNACIONAL ESTÁNDAR DEL LIBRO
Número Internacional Estándar del Libro 9681905733
040 ## - FUENTE DE LA CATALOGACIÓN
Centro catalogador/agencia de origen DO-SdBNP
Centro/agencia transcriptor DLC
Centro/agencia modificador DLC
082 ## - NÚMERO DE LA CLASIFICACIÓN DECIMAL DEWEY
Número de clasificación 320.972
Número de documento/Ítem C346h
100 1# - ENTRADA PRINCIPAL--NOMBRE DE PERSONA
Nombre de persona Castañeda, Jorge G.,
Forma completa/desarrollada del nombre (Jorge Gerardo Castañeda Gutman)
Fechas asociadas al nombre 1953-
9 (RLIN) 18175
245 13 - MENCIÓN DE TÍTULO
Título La herencia :
Resto del título arqueología de la sucesión presidencial en México /
Mención de responsabilidad, etc. Jorge G. Castañeda.
260 ## - PUBLICACIÓN, DISTRIBUCIÓN, ETC.
Lugar de publicación, distribución, etc. México, D.F. :
Nombre del editor, distribuidor, etc. Alfaguara,
Fecha de publicación, distribución, etc. 1999.
300 ## - DESCRIPCIÓN FÍSICA
Extensión 558 p. ; :
Otras características físicas il., retrs. ;
Dimensiones 24 cm.
490 1# - MENCIÓN DE SERIE
Mención de serie Extra Alfaguara
500 ## - NOTA GENERAL
Nota general Incluye índice.
651 #4 - PUNTO DE ACCESO ADICIONAL DE MATERIA--NOMBRE GEOGRÁFICO
Nombre geográfico México
Subdivisión general Política Y Gobierno
Subdivisión cronológica 1970-1988.
9 (RLIN) 18176
651 #4 - PUNTO DE ACCESO ADICIONAL DE MATERIA--NOMBRE GEOGRÁFICO
Nombre geográfico México
Subdivisión general Política Y Gobierno
Subdivisión cronológica 1988-2000
9 (RLIN) 18177
650 #4 - PUNTO DE ACCESO ADICIONAL DE MATERIA--TÉRMINO DE MATERIA
Término de materia o nombre geográfico como elemento de entrada Presidentes
Subdivisión general Selección de candidatos
9 (RLIN) 18178
650 #4 - PUNTO DE ACCESO ADICIONAL DE MATERIA--TÉRMINO DE MATERIA
Término de materia o nombre geográfico como elemento de entrada Presidentes
Subdivisión geográfica México
Subdivisión general Historia
Subdivisión cronológica SIGLO XX
9 (RLIN) 18179
830 #0 - PUNTO DE ACCESO ADICIONAL DE SERIE-TÍTULO UNIFORME
Título uniforme Extra Alfaguara.
9 (RLIN) 16634
910 ## - DATOS DE OPCIÓN DEL USUARIO (OCLC)
Datos de opción del usuario Catalogación por copia / LC
Holdings
Estado de retiro Estado de pérdida Restricciones de uso No para préstamo Código de colección Localización permanente Ubicación/localización actual Ubicación en estantería Fecha de adquisición Número de inventario Total de préstamos Signatura topográfica completa Código de barras Fecha visto por última vez Precio válido a partir de Tipo de ítem Koha
    Préstamo interno   Monografías: Libros y Folletos General General En catalogación 31.08.2009 LF1   320.972 C346h 6544-10 25.06.2020 25.06.2020 Préstamo interno

Powered by Koha